Zlyhávajú lídri?

Najväčším nedostatkom dnešných lídrov je ich nepripravenosť viesť zmeny.

Salvato in:
Dettagli Bibliografici
Natura: Capitolo di libro
Lingua:slovacco
Soggetti:
Tags: Aggiungi Tag
Nessun Tag, puoi essere il primo ad aggiungerne!!

MARC

LEADER 00000naa a2200000 4500
001 0220636
005 20231116122603.5
041 0 |a slo 
044 |a SK 
245 1 0 |a Zlyhávajú lídri? 
520 |a Najväčším nedostatkom dnešných lídrov je ich nepripravenosť viesť zmeny. 
610 2 0 |a riadenie ľudských zdrojov 
610 2 0 |a manažéri 
610 2 0 |a lídri